000 00302nam a2200109Ia 4500
008 220216s9999 xx 000 0 und d
245 0 _aProgress on the African rubber quality project
260 _bThe INRO news Letter
_c1999
300 _a14-15
650 _aStandard African rubber scheme
942 _cJS
999 _c65919
_d65919